[Event "XVII MetLife Najdorf Open 2017"]
[Site "Warsaw"]
[Date "2017.07.17"]
[Round "9"]
[White "Gusain, Himal"]
[Black "Nurkiewicz, Maciej"]
[Result "1-0"]
[WhiteElo "2461"]
[BlackElo "2373"]
[Annotator "TA"]
[PlyCount "129"]
[EventDate "2017.??.??"]
[EventType "swiss"]
[EventCountry "POL"]
[SourceTitle "playchess.com"]
[Source "ChessBase"]
[SourceQuality "1"]

{[%evp 21,129,34,46,25,47,47,50,49,54,8,11,13,20,14,37,4,77,99,109,25,285,253,203,37,72,72,63,0,29,31,54,59,107,100,260,52,72,43,52,38,44,31,105,108,116,146,137,84,166,147,166,165,165,165,167,162,159,152,209,205,200,207,213,206,214,218,261,225,252,234,374,352,377,377,357,359,337,308,369,400,497,502,449,375,603,584,603,603,693,666,603,602,586,585,715,647,568,383,383,308,904,876,1293,1283,1268,1237,1155,1187,1210,1156]} 1. e4 c6 2. d4 d5 3. e5 Bf5 4. h4 h5 5. Bd3 Bxd3 6. Qxd3 e6 7. Bg5 {B12: Caro-Kann: Advance Variation} Qb6 (7... Be7 8. Nf3 Nh6 9. Nc3 Nf5 10. Ne2 c5 11. dxc5 Qa5+ 12. c3 Qxc5 13. Bxe7 Kxe7 14. Ned4 Nxd4 15. Nxd4 {0-1 (32) Adams,M (2761)-Svidler,P (2741) Shenzhen 2017}) 8. Nd2 Qa6 9. c4 Bb4 10. b3 c5 11. Ngf3 Nc6 {LiveBook: 6 Games} 12. dxc5 dxc4 13. bxc4 Nge7 14. O-O Rd8 {[#]} 15. Qe3 $146 {Black must now prevent Ne4.} Bxd2 16. Nxd2 Nf5 17. Qe2 Rd4 (17... Rd5 $5) 18. Rfc1 Nxh4 (18... O-O $11) 19. Ne4 $1 $16 Nf5 20. Rc3 (20. Nd6+ $16 Kf8 21. Be3) 20... Kd7 $2 {[%mdl 8192]} (20... Kf8 $11) 21. Rb1 $1 $18 Kc8 22. f3 $2 (22. Nd6+ $18 Nxd6 23. cxd6 (23. exd6 Rg4 $16)) 22... Rd7 23. Qb2 Kb8 24. Rcc1 ({Better is} 24. Nd6 $14 Nxd6 25. exd6) 24... Ka8 25. Nd6 Nxd6 26. cxd6 Rc8 27. Be3 f6 $2 (27... Na5 $16) 28. exf6 $2 (28. Rc3 $1 $18) 28... gxf6 $14 29. Qxf6 Rxd6 30. Bf4 (30. Bc5 $5 {[%cal Rc5d6]} Rd7 31. Qxe6 $14) 30... Rdd8 31. Qxe6 Rg8 ({Black should play} 31... Re8 $14 32. Qd5 Qxa2) 32. Rb2 $1 $16 Rce8 33. Qd5 $36 {[%mdl 2048] White is really pushing.} Rg7 34. Rcb1 (34. Rc3 $142) 34... h4 (34... Rd8 $16 {was called for.} 35. Qb5 (35. Qxh5 Qxc4 36. Be3 Rdg8 $11) 35... Qa3) 35. Qb5 Qxb5 36. cxb5 ({Much worse is} 36. Rxb5 $6 Reg8 $11) 36... Nd4 {[#] Threatens to win with ...Ne2+.} 37. Kf2 $1 Reg8 {[#]} 38. Rg1 $1 {Strongly threatening Be5.} Rf7 39. Be5 Nf5 (39... Ne6 $16 40. Re2 Nc5) 40. Rd2 b6 41. Rgd1 a6 42. bxa6 Re8 43. f4 Ree7 44. Rd8+ Ka7 45. Kf3 Ng3 (45... Kxa6 $142 46. R1d3 Re6 47. Ra8+ Kb7 48. Rb8+ Ka6 49. Ra8+ Kb7 50. Rb8+ Ka6 51. Ra8+) 46. Kg4 Ne4 47. R1d4 Nc5 48. Kxh4 Ne6 49. g4 {[%cal Bg2g4,Bg4g5,Bg5g6][%mdl 32]} Rh7+ 50. Kg3 Nxd8 51. Rxd8 Kxa6 $18 {[%mdl 4096] Endgame KRR-KRB} 52. g5 Re6 $2 (52... Kb5 53. g6 Rh1) 53. Kg4 Rh2 54. Kf5 Rc6 55. g6 Rg2 56. Bd6 Kb5 57. Kf6 Rc1 58. f5 Rf1 59. Be7 Kc4 60. a3 b5 $2 (60... Rf3 61. g7 Rfg3) 61. Rc8+ {White is clearly winning.} Kb3 62. Rc5 Ka4 63. Kf7 Rfg1 64. Rd5 Rg3 65. Bf8 {Precision: White = 71%, Black = 29%.} 1-0

[Event "XVII MetLife Najdorf Open 2017"]
[Site "Warsaw"]
[Date "2017.07.17"]
[Round "9"]
[White "Bilguun, Sumiya"]
[Black "Martin, Julian"]
[Result "1/2-1/2"]
[WhiteElo "2460"]
[BlackElo "2332"]
[Annotator "TA"]
[PlyCount "158"]
[EventDate "2017.??.??"]
[EventType "swiss"]
[EventCountry "POL"]
[SourceTitle "playchess.com"]
[Source "ChessBase"]
[SourceQuality "1"]

{[%evp 22,158,17,19,12,9,9,9,12,2,11,-12,-21,-31,-22,-33,-27,-22,-14,-11,-16,-15,0,-17,-14,-31,-31,-31,-25,-25,-24,-25,-22,-25,-19,-22,-7,-30,-18,-46,19,20,8,0,0,0,0,0,0,0,0,0,0,0,0,0,0,0,0,0,88,94,146,158,939,108,114,88,51,47,65,12,131,131,131,131,131,37,37,12,130,36,36,36,36,36,36,27,27,27,27,27,27,27,27,27,27,27,27,27,27,27,27,27,27,27,27,27,27,27,27,27,27,0,27,0,27,27,27,0,27,0,27,27,27,0,27,0,27,27,27,27,27,26,33,33,33,33,33]} 1. e4 c5 2. Nf3 Nc6 3. d4 cxd4 4. Nxd4 e5 5. Nb5 {[%cal Bd4b5,Bb5a3,Ba3c4,Bc4e3,Be3d5][%mdl 32]} d6 6. N1c3 a6 7. Na3 Be7 8. Nc4 b5 {B32: Sicilian: Löwenthal and Kalashnikov Variations} 9. Ne3 Nf6 10. Ned5 (10. g3 O-O 11. Bg2 b4 12. Ncd5 Nxd5 13. Nxd5 Bg5 14. Bxg5 Qxg5 15. O-O Be6 16. Nc7 {½-½ (34) Morozevich,A (2711)-Moiseenko,A (2692) Berlin 2015}) 10... O-O 11. Be3 Rb8 12. Be2 {LiveBook: 3 Games} b4 13. Nxf6+ Bxf6 14. Nd5 Bg5 15. O-O Bxe3 16. fxe3 $146 (16. Nxe3 {feels hotter.} a5 17. c3 Be6 18. Bc4 bxc3 19. bxc3 Qc7 20. Qd2) ({Predecessor:} 16. Nxe3) 16... Ne7 17. Nxe7+ Qxe7 18. Qd2 a5 19. a3 Be6 20. axb4 axb4 21. Ra4 Rfc8 22. Bd3 b3 23. c4 h5 24. Be2 h4 25. h3 Rb6 26. Rb4 Qb7 27. Rxb6 Qxb6 28. Rc1 Ra8 29. Qc3 Ra4 30. Kf2 Qb4 (30... g6 $15) 31. Qxb4 $11 Rxb4 {[%mdl 4096] Endgame KRB-KRB} 32. Rc3 Kf8 33. Ke1 Ke7 34. Kd2 Kd7 35. Rc1 Kc6 36. Kc3 Kc5 {[%cal Re6c4]} 37. Ra1 Bxc4 38. Ra8 $1 {[%cal Ra8c8]} Bxe2 {KRB-KR} 39. Rc8+ Kb5 40. Rb8+ Kc5 (40... Kc6 $1 $11 41. Kxb4 (41. Rxb4 Bf1 $11) 41... Kd7) 41. Rxb4 $16 {KR-KB} Bb5 (41... Bd3 $142) 42. Rxb3 g5 $2 {[#]} (42... Bc6 $16) 43. Ra3 $2 (43. Rxb5+ $1 $18 Kxb5 44. b4) 43... Bc6 44. Kd3 Bb5+ 45. Kd2 $1 Bf1 46. Ra7 (46. Ra1 $14 Bxg2 47. Rg1 Bxh3 48. Rxg5) 46... f6 (46... Bxg2 $11 {remains equal.} 47. Rxf7 Bxh3) 47. Rc7+ Kb4 48. Rf7 Bxg2 49. Rxf6 ({White should try} 49. Ke1 $16) 49... Bxh3 $14 50. Rg6 g4 {[#]} (50... Bg2 $11 51. Rxg5 h3) 51. Rh6 ({Wrong is} 51. Rxd6 $2 Bg2 $19) (51. Ke2 $1 $16) 51... g3 52. Ke1 Kb3 53. Rxh4 Bg2 $1 54. Rh6 Bxe4 55. Rxd6 Kxb2 56. Rd8 Bf3 57. Rf8 e4 58. Rc8 (58. Rg8 $5 {[%cal Rg8g3]} g2 59. Rb8+ Kc3 60. Kf2 $18) 58... Kb3 59. Rc7 Kb4 60. Kf1 Kb3 61. Kg1 Kb4 62. Rg7 g2 $1 63. Rc7 Kb5 64. Kf2 Kb6 65. Rc8 (65. Rc1 {looks sharper.} Kb5 66. Rc8 Ka5 67. Rb8 Ka4 68. Rb2) 65... Kb5 66. Rc1 Kb4 67. Rc8 {Kg1 is the strong threat.} Kb5 68. Rc7 Kb4 (68... Kb6 {with more complications.}) 69. Rc1 {Hoping for Rc7.} Kb3 70. Rc7 Kb4 71. Rc8 {Black must now prevent Rc1.} Kb5 72. Kg1 {And now Rc7 would win.} Kb4 73. Rc7 {Strongly threatening Rc2.} Kb5 74. Rc8 Kb4 75. Rc2 {aiming for Rc8.} Kb3 76. Rc5 Kb4 77. Rd5 Kc4 78. Rd4+ Kc3 79. Kf2 {Threatens to win with Rd7.} Kc2 {Precision: White = 47%, Black = 63%.} 1/2-1/2

[Event "XVII MetLife Najdorf Open 2017"]
[Site "Warsaw"]
[Date "2017.07.17"]
[Round "9"]
[White "Nasuta, Grzegorz"]
[Black "Szadkowski, Kamil"]
[Result "1-0"]
[WhiteElo "2455"]
[BlackElo "2237"]
[Annotator "TA"]
[PlyCount "45"]
[EventDate "2017.??.??"]
[EventType "swiss"]
[EventCountry "POL"]
[SourceTitle "playchess.com"]
[Source "ChessBase"]
[SourceQuality "1"]

{[%evp 30,45,24,10,41,45,36,39,140,125,134,129,494,515,505,512,503,510]} 1. e4 e5 2. Nf3 Nc6 3. Bc4 Nf6 4. d3 Bc5 5. O-O a6 6. c3 Ba7 7. Bb3 d6 8. Re1 h6 9. Nbd2 O-O 10. Nf1 Be6 11. h3 d5 {C54: Giuoco Piano: 4 c3 Nf6, main lines with 5 d4 and 5 d3} (11... Re8 12. Be3 Bxe3 13. Nxe3 d5 14. exd5 Nxd5 15. d4 Nxe3 16. fxe3 Bxb3 17. Qxb3 Qd6 18. Rad1 exd4 19. cxd4 Qb4 {½-½ (27) Ponomariov,R (2709)-Mamedyarov,S (2762) Tashkent 2016}) 12. exd5 Nxd5 13. Ng3 Re8 14. Nh5 Nf6 15. Nxf6+ Qxf6 16. Be3 {LiveBook: 3 Games} Bf5 $146 ({Predecessor:} 16... Bxe3 17. Rxe3 Rad8 18. Qe2 Bxb3 19. axb3 Re6 20. Re1 Rde8 21. b4 {½-½ (21) Bracker,F (2427)-Sebastian,D (2454) Hamburg 2016}) 17. Bxa7 Nxa7 18. Re3 Rad8 (18... Re7 $14) 19. Qe2 $16 {[%cal Rf3e5]} Nc6 {[#]} 20. d4 $1 {[%mdl 512]} Qg6 $2 {[%mdl 8192]} (20... Qd6 $16 {is tougher.} 21. Re1 (21. Nxe5 Nxe5 22. Re1 Bd7 $16) (21. dxe5 Qe7 $16) 21... Bd7) (20... exd4 21. Rxe8+) 21. Nh4 $18 {White is clearly winning.} Qg5 22. Nxf5 Qxf5 23. Rf3 1-0

[Event "XVII MetLife Najdorf Open 2017"]
[Site "Warsaw"]
[Date "2017.07.17"]
[Round "9"]
[White "Noe, Christopher"]
[Black "Heberla, Bartlomiej"]
[Result "0-1"]
[WhiteElo "2451"]
[BlackElo "2577"]
[Annotator "TA"]
[PlyCount "126"]
[EventDate "2017.??.??"]
[EventType "swiss"]
[EventCountry "POL"]
[SourceTitle "playchess.com"]
[Source "ChessBase"]
[SourceQuality "1"]

{[%evp 18,126,-41,-60,-38,-64,-19,-18,-26,-19,-20,-16,-6,-23,-20,-12,-5,-31,-13,-10,0,0,0,0,0,-38,-26,-22,-25,-32,-40,-31,-5,-41,-20,-27,-45,-80,-85,-92,-50,-38,-51,-58,-23,-98,-36,-58,-54,-121,-130,-221,-116,-241,0,-51,0,-208,-123,-579,-586,-560,0,-278,-278,-278,-278,-278,-278,-278,-278,-415,-397,-357,-357,-413,-418,-413,-418,-412,-410,-386,-335,-426,-310,-401,-418,-418,-420,-368,-426,-417,-417,-847,-842,-836,-759,-1660,-1518,-1356,-874,-5122,-5061,-29983,-29984,-29987,-29988,-29994,-29995,-29995,-29996]} 1. d4 d5 2. Nf3 e6 3. c4 Nf6 4. Nc3 a6 5. e3 Nbd7 6. Bd3 {D37: Queen's Gambit Declined: 5 Bf4} (6. b3 b6 7. Bb2 Bb7 8. Bd3 Bd6 9. O-O O-O 10. a4 a5 11. Rc1 Rc8 12. cxd5 Nxd5 13. Nb5 Nb4 14. Bb1 Be7 15. e4 Ba6 16. Re1 c6 17. Nc3 Nf6 {0-1 (53) Anton Guijarro,D (2650)-Vitiugov,N (2726) Tallinn 2016}) 6... dxc4 7. Bxc4 b5 8. Bd3 Bb7 9. O-O c5 10. a3 {LiveBook: 12 Games} Qc7 $146 ({Predecessor:} 10... Qb6 11. Qe2 Rc8 12. dxc5 Nxc5 13. Bc2 Be7 {0-1 (49) Araoun,S (1739)-Moroni,L (2328) Durban 2014}) 11. h3 e5 12. dxe5 Nxe5 13. Nxe5 Qxe5 14. f4 Qc7 15. e4 c4 16. Bc2 Bc5+ 17. Kh2 O-O 18. e5 Qc6 {[%csl Gb7][%cal Rc6g2]} (18... Rad8 $5 {[%cal Rd8d1]} 19. Qe2 Nd5 $11) 19. Rf3 Rad8 20. Qe1 Nd5 21. Be4 (21. Bd2 {is interesting.} g6 22. Nxd5 Qxd5 23. Ba5 Rd7 24. Rg3) 21... Qb6 $36 {[%mdl 2048] Hoping for ...Nxc3. Black is pushing.} 22. Nxd5 Bxd5 23. Bxd5 Rxd5 24. Bd2 Qc7 (24... Bg1+ $5 25. Qxg1 Qxg1+ 26. Kxg1 Rxd2 $11) 25. Bc3 Qd7 26. f5 Re8 27. f6 g6 28. Rf1 Rd8 29. Qh4 Qe6 30. Rae1 h5 31. Rf3 {[#]} (31. Qf4 $11) 31... Rd3 (31... a5 $1 $17 {[%mdl 512]} 32. Bxa5 Rxe5) 32. Rxd3 Rxd3 33. Qe4 ({White should play} 33. Qf4 $15) 33... Kh7 $1 $17 34. Qa8 (34. g4 $17) 34... Rd5 (34... Qf5 $19 35. Qe4 Qxe4 36. Rxe4 Bxa3 $1 {[%mdl 512]}) 35. Qb8 (35. Re2 $17) 35... Qd7 $2 (35... Qc6 $1 $19 {White must now prevent ...h4.} 36. Rb1 Rd3) 36. Qa8 (36. Bb4 $11 Bxb4 37. axb4) 36... Qe6 $2 (36... Rd1 $1 $15 37. Qe4 Kh6) 37. Qb8 $1 $19 {White wants to play Bb4.} a5 ({Better is} 37... Qc6 $1 $19 38. Rc1 Rd3) 38. Kh1 $2 {[%mdl 8192]} (38. Qb7 $17 {was the crucial defense.}) 38... Rd3 {( -> ...Rxh3+!)} 39. Kh2 {[#]} Rd5 $2 (39... b4 $1 $19 {[%mdl 512]} 40. axb4 axb4 41. Bxb4 Rb3) 40. Bxa5 $2 {[%mdl 8192] [#]} (40. Kh1 $1 $11 {and White stays safe.}) 40... Rxe5 $1 41. Rxe5 Bd6 42. Qxd6 Qxd6 {[%mdl 4096] Endgame KQ-KRB} 43. Bc3 {[#]} g5 $1 44. Kg1 (44. h4 {is the only way for White.} gxh4 45. Kg1) 44... Qb6+ 45. Kh1 Qxf6 46. Rxb5 Qf1+ 47. Kh2 Qf4+ 48. Kg1 f5 49. Rb7+ Kg6 50. Rg7+ Kh6 51. Rd7 Qe3+ 52. Kf1 Qc1+ 53. Kf2 f4 54. Rd6+ Kh7 55. Re6 (55. Rd7+ $142 Kg6 56. Rd6+ Kf7 57. Rd5) 55... g4 56. hxg4 hxg4 {[%cal Bh5g4,Bg4g3][%mdl 32]} 57. Re1 Qc2+ 58. Re2 g3+ 59. Kf1 Qd1+ 60. Re1 Qd3+ {Black mates.} 61. Kg1 Qc2 62. Rf1 {[#]} f3 $1 {[%mdl 512]} 63. Rxf3 Qc1+ {Precision: White = 35%, Black = 57%.} 0-1

[Event "XVII MetLife Najdorf Open 2017"]
[Site "Warsaw"]
[Date "2017.07.17"]
[Round "9"]
[White "Jarmula, Lukasz"]
[Black "Markowski, Tomasz"]
[Result "1-0"]
[WhiteElo "2444"]
[BlackElo "2557"]
[Annotator "TA"]
[PlyCount "61"]
[EventDate "2017.??.??"]
[EventType "swiss"]
[EventCountry "POL"]
[SourceTitle "playchess.com"]
[Source "ChessBase"]
[SourceQuality "1"]

{[%evp 15,61,30,25,21,44,15,39,50,38,50,92,93,93,85,93,87,95,54,86,56,61,52,76,83,91,93,89,75,79,58,49,58,58,57,108,101,141,143,139,141,197,197,293,277,293,278,323,313]} 1. e4 c5 2. Nf3 e6 3. d4 cxd4 4. Nxd4 a6 5. c4 Nf6 6. Nc3 Qc7 7. Be2 Bb4 8. Qd3 O-O {LiveBook: 17 Games. B41: Sicilian: Kan Variation: 5 c4} 9. Nc2 (9. O-O Nc6 10. Nxc6 dxc6 11. Bg5 Be7 12. Be3 b5 13. Rac1 b4 14. Nb1 c5 {0-1 (61) Anand,V (2779)-Ivanchuk,V (2747) Doha 2016}) 9... Bd6 10. Be3 $146 ({Predecessor:} 10. g3 b6 11. O-O Bb7 12. Be3 Be5 13. Nd4 Nc6 14. Rad1 d5 15. exd5 exd5 16. cxd5 Nb4 17. d6 Qxd6 {½-½ (17) Karthikeyan,M (2431)-Das,S (2377) Al Ain 2013}) 10... Nc6 {The position is equal.} 11. Rd1 Be5 12. Bc5 Re8 13. Bd6 Bxd6 14. Qxd6 Qxd6 15. Rxd6 Rd8 16. f4 Rb8 17. e5 Ne8 18. Rd3 b6 19. Kf2 Kf8 20. Rhd1 Ke7 21. Bf3 Bb7 22. Na4 $36 {[%mdl 2048] White is more active.} Na5 23. b3 Bxf3 24. Kxf3 Nc6 {[#]} (24... Rb7 $14) 25. c5 $1 $16 b5 26. Nb6 {[%cal Rd3d7]} Rb7 27. Nd4 Nb4 (27... Nxd4+ $16 28. Rxd4 h6) 28. R3d2 $18 Nc7 (28... Rdb8 {was worth a try.} 29. a3 Nc6) 29. a3 {White has a decisive advantage.} Nbd5 {[#]} 30. Nxd7 $1 {[%mdl 512]} Ke8 (30... Rxd7 31. c6) 31. c6 {Precision: White = 74%, Black = 38%.} 1-0

[Event "XVII MetLife Najdorf Open 2017"]
[Site "Warsaw"]
[Date "2017.07.17"]
[Round "9"]
[White "Nguyen, Piotr"]
[Black "Karpus, Michal"]
[Result "1/2-1/2"]
[WhiteElo "2444"]
[BlackElo "2291"]
[Annotator "TA"]
[PlyCount "70"]
[EventDate "2017.??.??"]
[EventType "swiss"]
[EventCountry "POL"]
[SourceTitle "playchess.com"]
[Source "ChessBase"]
[SourceQuality "1"]

{[%evp 18,70,58,53,42,45,49,43,39,52,97,100,104,115,110,108,117,103,114,51,131,42,37,36,40,0,120,120,127,74,180,0,0,0,0,-8,-8,-8,0,0,0,0,0,0,0,4,7,0,0,0,0,0,0,0,0]} 1. Nf3 Nf6 2. c4 g6 3. Nc3 d5 4. cxd5 Nxd5 5. h4 Bg7 6. e4 {A16: English Opening: 1...Nf6 with ...d5} Nxc3 7. dxc3 Qxd1+ 8. Kxd1 Bg4 9. Kc2 Nd7 10. Be3 {LiveBook: 4 Games} Bxf3 $146 ({Predecessor:} 10... Nf6 11. Nd2 Be6 12. f3 Nh5 13. Bb5+ {½-½ (59) Le,Q (2699)-Gupta,A (2619) Al Ain 2015}) 11. gxf3 h5 12. Rd1 a6 13. Bh3 Rd8 14. f4 Bh6 15. Rd3 {Strongly threatening Rhd1.} e6 16. Rhd1 {Bd4 is the strong threat.} Ke7 17. a4 b6 18. a5 ({Better is} 18. e5 $1 $16) 18... Nc5 (18... Nf6 $14) 19. Rxd8 ({White should try} 19. Rd4 $1 $16) 19... Rxd8 $14 20. Rxd8 Kxd8 $16 {[%mdl 4096] Endgame KBB-KBN} 21. e5 (21. Bxc5 $5 bxc5 22. f5 $16) 21... Kc8 (21... Nd7 $11 {keeps the balance.}) 22. Bf1 Kb7 23. Bg2+ (23. b4 $142 $1 {[%cal Rb4c5]} Nd7 24. b5) 23... c6 (23... Kc8 $16 {keeps fighting.}) 24. axb6 $2 (24. b4 $1 $18 {[%cal Rb4c5]} Na4 {[#]} 25. b5 $1 {[%mdl 512]} axb5 26. a6+ $1 {[%mdl 512]} Kxa6 27. Bxc6) 24... Bf8 $11 {The position is equal.} 25. b4 Nd7 26. Kb3 Nxb6 27. c4 Be7 28. f5 $1 {[%cal Rf5g6]} gxf5 29. Bf3 Bxh4 30. Bxh5 f6 31. exf6 Bxf6 32. f4 Na8 33. Bf7 Nc7 34. Bc5 e5 35. Bd6 exf4 {Precision: White = 59%, Black = 64%.} 1/2-1/2

[Event "XVII MetLife Najdorf Open 2017"]
[Site "Warsaw"]
[Date "2017.07.17"]
[Round "9"]
[White "Sundararajan, Kidambi"]
[Black "Indjic, Aleksandar"]
[Result "0-1"]
[WhiteElo "2444"]
[BlackElo "2575"]
[Annotator "TA"]
[PlyCount "76"]
[EventDate "2017.??.??"]
[EventType "swiss"]
[EventCountry "POL"]
[SourceTitle "playchess.com"]
[Source "ChessBase"]
[SourceQuality "1"]

{[%evp 31,76,0,0,-8,-6,-12,0,-18,7,0,0,0,0,0,0,0,-3,-1,-2,-2,0,-1,-4,-12,-6,0,0,0,0,-8,0,-27,-29,-30,-22,-27,-37,-44,-40,-44,-46,-43,-52,-54,-46,-489,-477]} 1. Nf3 c5 2. e3 Nf6 3. d4 g6 4. dxc5 Qa5+ 5. Nbd2 Qxc5 6. a3 Bg7 7. b4 Qc7 8. Bb2 O-O 9. Be2 b6 10. O-O Bb7 11. c4 d6 12. Rc1 Nbd7 13. Nd4 Rac8 {A48: 1 d4 Nf6 2 Nf3 g6: Torre, London and Colle Systems} 14. Bf3 Ne5 15. Bxb7 Qxb7 16. Qe2 a6 {LiveBook: 7 Games} 17. e4 Ned7 18. N4b3 Rfe8 {[#]} 19. Bd4 $146 ({Predecessor:} 19. Rc2 Qa8 {0-1 (53) Muse,M (2510)-Khalifman,A (2667) Germany 2001}) 19... a5 (19... e5 $5 {[%cal Re5d4]} 20. Bc3 Bh6 $11) 20. bxa5 bxa5 21. Nxa5 Qa8 22. Nab3 $1 Qxa3 23. Ra1 Qb4 24. Rfb1 {[#] Hoping for Na5.} Bh6 25. Rb2 Rb8 26. Nf3 Qb7 $1 {[%cal Rb7e4]} 27. e5 dxe5 28. Nxe5 {[#] Strongly threatening Nc5.} Nxe5 29. Bxe5 {Threatens to win with Nc1.} Ra8 30. Rab1 Rac8 31. Nd4 (31. Nc5 $5 Qc6 32. Rb5 $14) 31... Qe4 32. Rc2 Rc5 33. Qxe4 Nxe4 34. Nf3 Rec8 $36 {[%mdl 2048] White is under pressure.} 35. Rb8 f6 36. Rxc8+ Rxc8 37. Bb2 e5 38. Bc1 $2 {[%mdl 8192]} (38. g4 $15) 38... Rd8 {Precision: White = 41%, Black = 74%.} 0-1

[Event "XVII MetLife Najdorf Open 2017"]
[Site "Warsaw"]
[Date "2017.07.17"]
[Round "9"]
[White "Percivaldi, Martin"]
[Black "Kiolbasa, Oliwia"]
[Result "1/2-1/2"]
[WhiteElo "2433"]
[BlackElo "2253"]
[Annotator "TA"]
[PlyCount "97"]
[EventDate "2017.??.??"]
[EventType "swiss"]
[EventCountry "POL"]
[SourceTitle "playchess.com"]
[Source "ChessBase"]
[SourceQuality "1"]

{[%evp 13,97,16,23,-21,-20,-14,22,0,26,12,39,-22,-18,-20,27,16,11,-28,-25,-54,-48,-59,-54,-139,-125,-225,-97,-95,-98,-85,-95,-95,-91,-82,-101,-81,-110,-97,-111,-95,-37,-37,-47,-43,-23,-21,-17,-36,-35,-45,0,0,0,0,0,0,0,0,0,0,0,0,0,0,0,0,0,0,0,0,0,0,0,0,0,0,0,0,0,0,1,1,1,1,1,1]} 1. d4 Nf6 2. c4 c5 3. d5 b5 4. a4 bxc4 5. Nc3 d6 6. e4 g6 7. Nf3 Bg7 {LiveBook: 22 Games} 8. a5 {A57: Benko/Volga Gambit} O-O 9. Bxc4 Nbd7 10. h3 Rb8 11. O-O Nh5 $146 ({Predecessor:} 11... Rb4 12. Qd3 Ne8 13. b3 f5 14. Bd2 Ne5 15. Nxe5 Bxe5 16. Ra2 Rb8 17. Ne2 fxe4 18. Qxe4 {0-1 (70) Radovanovic,N (2269)-Milanovic,D (2491) Kragujevac 2013}) 12. Kh2 (12. Be2 $14) 12... Rb4 13. Be2 Qc7 14. Ne1 Nhf6 15. Nc2 (15. f3 {feels hotter.} Rb8 16. Nc2 a6 17. f4 e6 18. dxe6 fxe6 19. Bc4) 15... Nxe4 16. Nxb4 Nxc3 17. bxc3 {[#] Nc6 is the strong threat.} cxb4 18. Bd2 (18. Be3 $15) 18... bxc3 $17 19. Qc2 (19. Rc1 $17) 19... Nc5 (19... Nf6 $19 {is more deadly.} 20. Bg5 Nxd5) 20. Bxc3 Bf5 21. Qc1 Nb3 22. Bxg7 Nxc1 (22... Qxc1 $2 {loses.} 23. Raxc1 Kxg7 24. Rc7 $18) 23. Rfxc1 Qb7 24. Bxf8 Kxf8 25. Bf3 Qb2 26. Kg1 Qd4 (26... Kg7 $17) 27. Ra2 Qb4 28. a6 Qb3 29. Re2 Qb6 30. Rc6 Qa5 31. g4 Bd3 32. Rc8+ {The position is equal.} Kg7 33. Rxe7 Qa1+ 34. Kh2 Qf1 35. Rcc7 Qxf2+ 36. Bg2 Bxa6 37. Rxa7 Bc4 (37... Qf4+ {is interesting.} 38. Kg1 Bc4 39. Rxf7+ Qxf7 40. Rxf7+ Kxf7 41. g5 h6) 38. Rxf7+ Qxf7 39. Rxf7+ Kxf7 $11 {[%mdl 4096] Endgame KB-KB} 40. g5 $1 Kg7 41. Be4 $1 h6 42. h4 hxg5 43. hxg5 Kf7 44. Kg3 Bb5 45. Kf4 Be8 46. Ke3 Ke7 47. Kd4 Kd7 48. Bf3 Kc7 49. Kc4 {Precision: White = 60%, Black = 60%.} 1/2-1/2

[Event "XVII MetLife Najdorf Open 2017"]
[Site "Warsaw"]
[Date "2017.07.17"]
[Round "9"]
[White "Janik, Igor"]
[Black "Lalith, Babu M R"]
[Result "0-1"]
[WhiteElo "2425"]
[BlackElo "2530"]
[Annotator "TA"]
[PlyCount "60"]
[EventDate "2017.??.??"]
[EventType "swiss"]
[EventCountry "POL"]
[SourceTitle "playchess.com"]
[Source "ChessBase"]
[SourceQuality "1"]

{[%evp 13,60,38,38,19,30,4,54,26,31,27,33,30,17,0,0,-25,-24,-23,-15,-34,-43,-58,-46,-161,-158,-201,-129,-283,-279,-288,-268,-275,-276,-272,-292,-327,-326,-324,-314,-314,-305,-451,-447,-422,-433,-610,-567,-1748,-1240]} 1. e4 g6 2. d4 Bg7 3. Nc3 c6 4. Bc4 b5 5. Bb3 a5 6. a3 d6 7. Qf3 {B06: Modern Defence} e6 $1 {LiveBook: 12 Games} 8. d5 (8. Nge2 Ba6 9. d5 cxd5 10. exd5 e5 11. Ne4 h6 12. g4 Nf6 13. N2g3 Nxe4 14. Nxe4 Qe7 15. Bd2 Bc8 16. Rg1 Nd7 17. Qe2 {½-½ (49) Nataf,I (2533)-Wirig,A (2472) France 2009}) 8... Ne7 $146 ({Predecessor:} 8... Bd7 9. Nce2 cxd5 10. exd5 e5 11. c3 Nf6 12. h3 Na6 13. g4 Rc8 14. Ng3 Nc5 {1-0 (57) Sammalvuo,N (2190)-Schyberg,B Copenhagen 1998}) 9. h4 {White has an edge.} h6 10. h5 g5 11. dxe6 Bxe6 12. Bxe6 fxe6 13. Nge2 d5 {[%cal Bd6d5,Bd5d4][%mdl 32]} 14. Qg4 d4 15. Nd1 {aiming for f4.} e5 $1 16. f4 exf4 17. Nxf4 Qd6 18. Ne6 (18. O-O $1 $15) 18... Be5 $19 19. O-O Nd7 20. Qh3 $2 {[#]} (20. Ne3 $17) 20... c5 21. Nf2 Ra6 22. Nxg5 hxg5 23. Bxg5 Rg8 24. Bxe7 Qxe7 ({Weaker is} 24... Kxe7 25. Ng4 $17) 25. Ng4 Qg5 26. Nxe5 Qxe5 ({But not} 26... Nxe5 $2 27. Rf5 $18) 27. h6 (27. Rf5 {was worth a try.} Qxe4 28. Raf1) 27... Rg3 {Black is clearly winning.} 28. Qh2 {[#] Threatens to win with Rf5.} Rg5 29. Rf4 (29. Qxe5+ $142 Rxe5 30. h7) 29... Rag6 30. Qh4 Rh5 {Precision: White = 27%, Black = 77%.} 0-1